|
|
|
|
| LEADER |
00000nam2a2200000 4500 |
| 001 |
273396 |
| 005 |
20231101234627.0 |
| 035 |
|
|
|a (RuTPU)RU\TPU\book\296605
|
| 090 |
|
|
|a 273396
|
| 100 |
|
|
|a 20141025d1987 k y0rusy50 ca
|
| 101 |
0 |
|
|a rus
|
| 102 |
|
|
|a RU
|
| 105 |
|
|
|a a z 001zy
|
| 200 |
0 |
|
|a Т. 17
|f гл. ред. И. А. Болошин
|
| 210 |
|
|
|d 1987
|
| 215 |
|
|
|a 148 с.
|c ил.
|
| 320 |
|
|
|a Библиография в конце обзоров
|
| 461 |
|
1 |
|0 (RuTPU)RU\TPU\book\75683
|x 0130-6804
|t Электросвязь
|f Академия наук СССР (АН СССР), Всесоюзный институт научной и технической информации (ВИНИТИ)
|v Т. 17
|d 1966-1987
|s Электросвязь
|
| 606 |
1 |
|
|a Электросвязь
|2 stltpush
|3 (RuTPU)RU\TPU\subj\20831
|9 45905
|
| 610 |
1 |
|
|a цифровые системы
|
| 610 |
1 |
|
|a разветвление
|
| 610 |
1 |
|
|a передача информации
|
| 610 |
1 |
|
|a пакетная передача
|
| 610 |
1 |
|
|a коммутация
|
| 610 |
1 |
|
|a факсимильная аппаратура
|
| 610 |
1 |
|
|a телефонная связь
|
| 610 |
1 |
|
|a обслуживание
|
| 675 |
|
|
|a 621.39
|v 4
|
| 702 |
|
1 |
|a Болошин
|b И. А.
|4 651
|
| 801 |
|
1 |
|a RU
|b 63413507
|c 20141025
|
| 801 |
|
2 |
|a RU
|b 63413507
|c 20170302
|g RCR
|
| 942 |
|
|
|c BK
|